Statistics for Largest Cities by Albertan Census Divisions on the Map

Click here to take the quiz!

General Stats

  • This quiz has been taken 86 times
  • The average score is 7 of 19

Answer Stats

City % Correct
Calgary
100%
Edmonton
98%
Medicine Hat
74%
Fort McMurray
70%
Red Deer
67%
Lethbridge
63%
Grande Prairie
40%
Lloydminster
37%
Canmore
33%
Grande Cache
26%
Rocky Mountain House
23%
Hinton
16%
Cold Lake
16%
Slave Lake
14%
Hanna
14%
Strathmore
9%
Wainwright
7%
Claresholm
5%
Whitecourt
5%

Score Distribution

Percentile by Number Answered

Percent of People with Each Score

Your Score History

You have not taken this quiz